000 00696nam a2200265Ia 4500
005 20260302114835.0
008 008 260114s9999 xx 000 0 eng d
020 _a9781666989281
037 _aTextbook
040 _aCRL
040 _beng
040 _cCRL
041 _2eng
041 _aeng
084 _qCRL
100 _aSyrrina Ahsan Ali Haque
_91119922
245 0 _aDialogue on Partition Literature Knows No Borders
260 _bBloomsbury
260 _bLexington Books
260 _c2021
650 _aLiterary Studies
856 _uhttps://doi.org/10.5040/9781666989281?locatt=label:secondary_bloomsburyCollections
942 _cEBOOK
999 _c1684027
_d1684027